000
00237nam a2200097Ia 4500
001
681264
005
20250826161356.0
008
250824s9999 xx 000 0 und d
245
0
_a
BARIŞ ODALARI
_c
ASLI DER
260
_b
GÜNIŞIĞI YAYINLARI
999
_c
681264
_d
681264